Quizzes
Events
Quiz Creation
Community
Videos
Private Events
Remove Ads
Sign In
Join for FREE
Feedback
Dark Mode
Quiz Categories
Sports
Geography
Music
Movies
Television
Just For Fun
Miscellaneous
History
Literature
Language
Science
Gaming
Entertainment
Religion
Holiday
For Kids
Quiz Lab
Recent
Popular Today
Quiz Kudos Today
Editor Picks
Curator Picks
Quizzes by...
Day
Popularity
Type
Ratings
Length
Year
Community
Subscriptions
Recent Discussions
Orange Saloon
Badges
Playlists
Quests
Create
Leaderboards
Showdown
Live 5
Trivia Bingo
Activity
Puzzle Library
Sporcle Events
Private Events
Virtual Trivia
Globe League
Become a Host
Pub Owners
SporcleCon
Opinionation
Our Games
Videos
Blog
Mobile Apps
Partnerships
Remove Ads and Go Orange
Feedback
Music
Pop Music
The Beatles
Song
Album
Lyrics
Bands
Singers
Artist
Clip
Rock
Rap
Classical
Billboard
Country Music
Kpop
Taylor Swift
Music
Pop Music
The Beatles
Song
Album
Lyrics
Bands
Singers
Artist
Clip
Rock
Rap
Classical
Billboard
Country Music
Kpop
Taylor Swift
Random Quiz
Search Sporcle
×
Quiz Lab
Quiz Lab
Music
Lyrics
Type in answers that appear in a list
Type in answers that appear in a list
Classic
Best Score? Go Orange.
'Don't You Want Me Baby' Lyrics Stats
Can you name the lyrics to 'Don't You Want Me Baby' by the Human League?
By
SporcleEXP
5m
209 Questions
700 Plays
700 Plays
700 Plays
Comments
Comments
Give Quiz Kudos
Give Quiz Kudos
-
- Ratings
hide this ad
Replay
Link that replays current quiz
Next Quiz
Link to next quiz in quiz playlist
You Got
0%
They Got
Avg Score
77%
Avg Friend Score
Upgrade to see
Score Distribution
Jump to the score distribution portion of the page
Score
0/209
Timer
05:00
0
Plays Today
% Correct
You
99%
you.
99%
you
99%
you
99%
you
99%
you
99%
you.
99%
you
99%
you
99%
you
99%
you
99%
You
99%
you
99%
you
99%
You
99%
you
99%
you
99%
you
99%
you
99%
you
99%
you
99%
you.
99%
you.
99%
me
98.6%
me?
98.6%
me.
98.6%
me?
98.6%
me.
98.6%
me
98.6%
me?
98.6%
a
98%
a
98%
a
98%
a
98%
a
98%
don't
97.9%
Don't.
97.9%
Don't
97.9%
Don't.
97.9%
Don't
97.9%
don't
97.9%
don't
97.9%
Don't
97.9%
Don't
97.9%
I
97.7%
I
97.7%
I
97.7%
I
97.7%
I
97.7%
I
97.7%
I
97.7%
I
97.7%
I
97.7%
I
97.7%
I
97.7%
I
97.7%
I
97.7%
I
97.7%
do.
97.6%
want
97%
want
97%
want
97%
want
97%
in
94.3%
in
94.3%
we
93.4%
we
93.4%
when
93%
when
93%
when
93%
% Correct
when
93%
as
92.8%
as
92.8%
were
91.1%
bar
89.7%
bar,
89.7%
working
89.5%
waitress
89.5%
working
89.5%
waitress
89.5%
that
89.4%
that
89.4%
that
89.4%
be
89.3%
cocktail
89%
cocktail
89%
met
87.8%
the
85.5%
The
85.5%
so
84.8%
it
84.5%
it
84.5%
is
82.8%
baby?
82.7%
was
82.4%
to
81.9%
much
79.9%
much
79.9%
much
79.9%
your
79.8%
your
79.8%
and
79.2%
on
79.2%
and
79.2%
on
79.2%
can
77.5%
know
77.2%
know
77.2%
true.
76.9%
Now
76.6%
But
76.6%
now
76.6%
But
76.6%
But
76.6%
now
76.6%
too.
74.6%
too
74.6%
or
73.9%
or
73.9%
up,
73.5%
up
73.5%
it's
72.1%
It's
72.1%
it's
72.1%
it's
72.1%
believe
71.8%
believe
71.8%
love
70.8%
say
70.6%
need
69.6%
for
69.5%
back
68.9%
back
68.9%
at
68.1%
better
68.1%
better
68.1%
Oh! (x2)
67.8%
can't
67.3%
with
67%
turned
66.3%
% Correct
turned
66.3%
years
66.2%
years
66.2%
been
65.9%
been
65.9%
new.
65.5%
into
65.2%
see
64.8%
without
64.6%
picked
64.3%
you've
64.3%
you've
64.3%
still
63.9%
five
63.8%
five
63.8%
someone
63.6%
won't
63.3%
late
62.8%
are
62.6%
around,
61.3%
my
61.2%
my
61.2%
where
61%
feet.
60.2%
time
59.9%
later
59.7%
put
59.6%
put
59.6%
has
59.5%
will
59.5%
got
59.3%
world
59.3%
hear
58.3%
sorry.
58.3%
find
57.3%
both
57.3%
find
57.3%
easy
56.4%
then
56.2%
who
56%
have
55.7%
have
55.7%
think
55.4%
think
55.4%
change
55.2%
had
55.2%
even
54.7%
knew
54.3%
place
54.2%
good
53.6%
Success
53.4%
mind.
53.4%
life
53.3%
I'd
53%
either
52.6%
down
52.1%
own.
52%
forget
51%
what
49.3%
times.
48.6%
such
47.7%
must
47%
You'd
46.4%
just
45%
there
42.8%
changed
41.7%
shook
41.4%
guess
38.7%
lived
33.5%
Quiz Playlist
Details
Report
Send in Message
Add To Playlist
Classic:
Type in answers that appear in a list
Quiz Source
Last Updated: Feb 16, 2017
Quiz Scoreboard
CHALLENGE
Sign Up to Join the Scoreboard
Show All
Scores
Hide
Comments
May contain spoilers
Recently Published
Movies - When Are They Set?
by FPL_Elf
Movies
5m
Popular People in 1961
by mucciniale
History
6m
1-10 Letter E Words III
by El_Dandy
Language
2m
More to Explore
Quiz From the Vault
Featured Blog Post
Where Did the Easter Bunny Come From?
hide this ad
You Might Also Like...
Tags
Lyrics Quiz
Human
League
Today's Top Quizzes in Music
Browse Music
hide this ad
Today's Top Quizzes in Lyrics
Browse Lyrics
Top Contributed Quizzes in Music
1
Taylor Swift All Songs (2024)
2
2010s Album by Cover III
3
One Thing in Common: Music
4
Taylor Swift Logic Puzzle
5
Guess the Artist- 70s Songs
6
2010s Album by Cover IV
7
Guess the Taylor Swift song (Mystery Song)
8
2010s Album by Cover V
9
Lana Del Rey Discography (BTD to DYKTTATUOB)
10
2010s Album by Cover VI
Explore More
Trending Topics
Harry Potter
Marvel
Disney
Anime
Kpop
NBA
Crossword
Soccer
Puzzle
Song
NFL
Country
Pokémon
The Office
WWE
hide this ad
More By:
SporcleEXP
Quiz
Plays
Rating
Category
Featured
Created
Harry Potter Deaths in Order Minefield
3,067,995
4.18
Literature
Jan 27, 2016
Sins, Dwarfs, and Spice Girls
847,245
4.42
Just For Fun
Apr 11, 2012
Ancient History Bunker
708,010
4.28
History
Jan 20, 2014
Movie Posters VI
678,968
4.37
Movies
Nov 12, 2010
Movie Posters VII
621,793
4.44
Movies
Apr 16, 2011
Go to Creator's Profile
Score Distribution
Quiz Creator Spotlight
SporcleEXP
Follow
Send a Message
Quizzes Created
-
Created Quiz Play Count
-
More By This Creator
Popular Quizzes Today
1
Find the US States - No Outlines Minefield
2
Find the Countries of Europe - No Outlines Minefield
3
The Countries of the World
4
Popular People in 1961
5
1-10 Letter E Words III
6
US States
7
Find the US States
8
One Thing in Common: World Cities II
More Music Quizzes
Musicians in Commercials
Published
Trending Quizzes
Risky Map Clicking: Least Populous States A-Z
1-10 Letter F Words
Humor Books: The Subtitles
1-10 Letter G Words
One Thing in Common: United Kingdom
Recently Updated
Leaping Animals
pecheneg
Reality TV Shows (A-Z)
bhenderson79
Rickey Henderson's Hall of Fame Teammates
pecheneg
Champions League XIs: Arsenal
pecheneg
Quick Pick: Celebrities in WWE's Hall of Fame
aduchscher
A-Z Keypad Blitz II
pecheneg
Multiple Oscar Actors
pecheneg
Mystery Phrase Blitz: Oscar 'Best Actors'
pecheneg
F. Scott Fitzgerald Novels
LTH
Pick 3 Villains
ddd62291
Trending Topics
Marvel
Kpop
Anime
Disney
Crossword
NBA
Harry Potter
Pokémon
Soccer
The Office
NFL
Country
Puzzle
Song
WWE
Your Account Isn't Verified!
In order to create a playlist on Sporcle, you need to verify the email address you used during registration. Go to your
Sporcle Settings
to finish the process.
Report this User
Report this user for behavior that violates our
Community Guidelines
.
Details:
Send Report
Go to the Sporcle.com Mobile Site →
Comments